| 000 | 00506nam a2200193 4500 | ||
|---|---|---|---|
| 003 | SEACOMEC | ||
| 005 | 20240227152949.0 | ||
| 008 | 240227b |||||||| |||| 00| 0 eng d | ||
| 020 | _cRs.195.00 | ||
| 040 | _aSEACOMEC | ||
| 082 |
_a541.369 _bR231 |
||
| 100 | _aRastogi,R.P. | ||
| 245 | 1 |
_a(An) introduction to chemical thermodynamics _cR.P. Rastogi,R.R.Misra |
|
| 250 | _a6thed. | ||
| 260 |
_aNew Delhi _bVikas _c2003 |
||
| 650 | _amathematics,Physical chemistry | ||
| 700 | _aMisra,R.R. | ||
| 942 | _cBOOK | ||
| 999 |
_c710 _d710 |
||